000 00284nam a22001337a 4500
008 170526b xxu||||| |||| 00| 0 eng d
020 _a0830617639
041 _aeng
080 _a624
100 _a25
101 _aIM
245 _aPLUMBING TECHNIQUES
_cSMITH,A.J
942 _2udc
_cBK
999 _c14328
_d14328